00250nam a2200109Ia 4500100002500000654001300025245002700038260003800065082001700103300000800120546001200128 aSedgewick/ Flajolet  aComputer aAnalysis of Algorithm bAddison Wesley PubaReadingc1996 a5.1bSED/FLA a492 aENGLISH